000
00337pab a2200145 454500
008
180718b1989 xxu||||| |||| 00| 0 eng d
100
_a
Nair, G.Ravindran
245
_a
Jawaharlal Nehru on human resources
260
_c
1989
300
_a
2-3,30
362
_a
Nov.
650
_a
Personnel
773
_a
Social Welfare
909
_a
14824
999
_c
14824
_d
14824